000 00420nam a2200157Ia 4500
008 230711s9999||||xx |||||||||||||| ||und||
041 _aENG
082 _a720
_bBU-I
100 _aBureau of Indian Standard
245 0 _aSI : 7391 Pt I 1974
_bSpecification for cotton covered conductor
250 _a1st
260 _c1974
_aNew Delhi
_bBureau of Indian Standard
300 _a11
650 _aArchitecture
942 _cBK
999 _c8227
_d8227